Szczegóły MARC
| 000 -Nagłówek |
| fixed length control field |
02814cam a2200601 i 4500 |
| 001 - Nr kontrolny bibl., która utworzyła rek. |
| control field |
xx004855037 |
| 003 - Siglum bibl., której nr kontr. jest w 001 |
| control field |
NUKAT |
| 005 - Data i czas ostatniej operacji |
| control field |
20260427142102.0 |
| 008 - Elementy pola stałej długości |
| fixed length control field |
200506s2020 pl a |001 0 pol c |
| 020 ## - ISBN |
| ISBN |
9788380988132 |
| dopowiedzenie |
(oprawa twarda) : |
| warunki dostępności |
zł 35,00 |
| 035 ## - Systemowy numer kontrolny |
| systemowy numer kontrolny |
(OCoLC)1156655346 |
| 035 ## - Systemowy numer kontrolny |
| systemowy numer kontrolny |
(NUKAT)xx004855037 |
| 040 ## - Instytucja sporządzająca opis |
| Instytucja, która sporządziła opis |
GD U/MJ |
| język katalgowania-trzyzn. kod |
pol |
| zasady opisu |
rda |
| Instytucja, która sporządziła rekord |
GD U/MJs |
| Instytucja, która zmodyfikowała rekord |
POZN U/EMs |
| -- |
WA 14/ABs |
| -- |
OLSZT 008/bak |
| 045 2# - Okres czasu dla zawartości |
| czas między r. 9999 pne a nasz. czas. |
d1940 |
| -- |
d1943 |
| 046 ## - Kod rodz. daty, data1, data2 (daty pne) |
| Begin/single date |
2020 |
| 100 1# - Hasło główne-nazwa osobowa |
| Nazwa osobowa |
Kaczmarski, Krzysztof |
| Daty biograficzne |
(1965- ). |
| rodzaj współpracy |
Autor |
| 9 (RLIN) |
20455 |
| 245 10 - Tytuł właściwy i oznaczenie odpow. |
| tytuł |
Nie tylko Rothesay : |
| dodatek do tytułu |
oficerskie obozy izolacyjne oraz obóz dyscyplinarny dla żołnierzy Polskich Sił Zbrojnych w Wielkiej Brytanii (1940-1943) / |
| dod. inf. ze s. tyt./ozn. odpow. |
Krzysztof Kaczmarski. |
| 246 30 - Inne formy tytułu, wariant tytułu |
| tytuł |
Oficerskie obozy izolacyjne oraz obóz dyscyplinarny dla żołnierzy Polskich Sił Zbrojnych w Wielkiej Brytanii (1940-1943) |
| 260 ## - Adres wydawniczy |
| miejsce wydania, dystrybucji itp. |
Rzeszów ; |
| -- |
Warszawa : |
| nazwa wydawcy, dystrybutora itp. |
Instytut Pamięci Narodowej. Komisja Ścigania Zbrodni przeciwko Narodowi Polskiemu. Oddział w Rzeszowie, |
| data wydania, dystrybucji itp. |
2020. |
| 300 ## - Opis fizyczny |
| objętość i/lub forma materiału |
320 stron, [24] strony tablic ; |
| format |
25 cm. |
| 336 ## - Content Type |
| Term |
Tekst |
| Code |
txt |
| Source |
rdacontent |
| 337 ## - Media Type |
| Term |
Bez urządzenia pośredniczącego |
| Code |
n |
| Source |
rdamedia |
| 338 ## - Carrier Type |
| Term |
Wolumin |
| Code |
nc |
| Source |
rdacarrier |
| 380 ## - Form of work |
| Form of work |
Książki |
| 380 ## - Form of work |
| Form of work |
Publikacje naukowe |
| 388 1# - TIME PERIOD OF CREATION |
| Time period of creation term |
2001- |
| 490 1# - Tytuł serii i ks. wielotom.-nie do wysz. |
| oznaczenie serii |
Seria Wydawnicza IPN Oddział Rzeszów |
| 504 ## - Uwaga o bibliografii |
| uwaga o bibliografii |
Bibliografia na stronach 179-184. Indeksy. |
| 610 27 - Hasło przedmiotowe-nazwa ciała zbior. |
| nazwa ciała zbior. lub geogr. |
Obóz dyscyplinarny (Polskie Siły Zbrojne na Zachodzie) |
| źródło hasła |
DBN |
| 9 (RLIN) |
40681 |
| 610 27 - Hasło przedmiotowe-nazwa ciała zbior. |
| nazwa ciała zbior. lub geogr. |
Obóz odosobnienia Rothesay |
| źródło hasła |
DBN |
| 9 (RLIN) |
40682 |
| 610 27 - Hasło przedmiotowe-nazwa ciała zbior. |
| nazwa ciała zbior. lub geogr. |
Obóz oficerski (Tighnabruaich) |
| źródło hasła |
DBN |
| 9 (RLIN) |
40683 |
| 610 27 - Hasło przedmiotowe-nazwa ciała zbior. |
| nazwa ciała zbior. lub geogr. |
Polskie Siły Zbrojne na Zachodzie |
| źródło hasła |
DBN |
| 9 (RLIN) |
39620 |
| 610 17 - Hasło przedmiotowe-nazwa ciała zbior. |
| nazwa ciała zbior. lub geogr. |
Polska. |
| nazwa jednostki podrzędnej |
Polskie Siły Zbrojne na Zachodzie. |
| -- |
Stacja Zborna Oficerów (Rothesay). |
| źródło hasła |
kaba |
| 9 (RLIN) |
40684 |
| 648 #7 - SUBJECT ADDED ENTRY--CHRONOLOGICAL TERM |
| Chronological term |
1901-2000 |
| Source of heading or term |
DBN |
| 9 (RLIN) |
34996 |
| 648 #7 - SUBJECT ADDED ENTRY--CHRONOLOGICAL TERM |
| Chronological term |
1939-1945 |
| Source of heading or term |
DBN |
| 9 (RLIN) |
36042 |
| 650 #7 - Hasło przedmiotowe-nazwa pospolita |
| nazwa pospolita lub geogr. |
II wojna światowa (1939-1945) |
| źródło hasła |
DBN |
| 9 (RLIN) |
35099 |
| 650 #7 - Hasło przedmiotowe-nazwa pospolita |
| nazwa pospolita lub geogr. |
Obozy dla internowanych |
| źródło hasła |
DBN |
| 9 (RLIN) |
40685 |
| 650 #7 - Hasło przedmiotowe-nazwa pospolita |
| nazwa pospolita lub geogr. |
Oficerowie |
| źródło hasła |
DBN |
| 9 (RLIN) |
36620 |
| 650 #7 - Hasło przedmiotowe-nazwa pospolita |
| nazwa pospolita lub geogr. |
Polacy za granicą |
| źródło hasła |
DBN |
| 9 (RLIN) |
35953 |
| 650 #7 - Hasło przedmiotowe-nazwa pospolita |
| nazwa pospolita lub geogr. |
Więźniowie polityczni |
| źródło hasła |
DBN |
| 9 (RLIN) |
37312 |
| 650 #7 - Hasło przedmiotowe-nazwa pospolita |
| nazwa pospolita lub geogr. |
Oficerowie |
| określnik geograficzny |
Polska |
| określnik chronologiczny |
1900-1945. |
| źródło hasła |
kaba |
| 9 (RLIN) |
40686 |
| 650 #7 - Hasło przedmiotowe-nazwa pospolita |
| nazwa pospolita lub geogr. |
Wojna światowa (1939-1945) |
| określnik rzeczowy |
więźniowie i więzienia Polaków. |
| źródło hasła |
kaba |
| 9 (RLIN) |
40687 |
| 651 #7 - Hasło przedmiotowe-nazwa geogr. |
| nazwa geograficzna |
Rothesay (Wielka Brytania) |
| źródło hasła |
DBN |
| 9 (RLIN) |
40688 |
| 651 #7 - Hasło przedmiotowe-nazwa geogr. |
| nazwa geograficzna |
Szkocja (Wielka Brytania) |
| źródło hasła |
DBN |
| 9 (RLIN) |
40689 |
| 651 #7 - Hasło przedmiotowe-nazwa geogr. |
| nazwa geograficzna |
Tighnabruaich (Wielka Brytania) |
| źródło hasła |
DBN |
| 9 (RLIN) |
40690 |
| 655 #7 - Termin określający rodzaj/formę |
| rodzaj/forma |
Monografia |
| źródło terminu |
DBN |
| 9 (RLIN) |
35240 |
| 658 ## - Nazwa określająca cel programu nauczania |
| główny cel programu nauczania |
Bezpieczeństwo i wojskowość |
| 658 ## - Nazwa określająca cel programu nauczania |
| główny cel programu nauczania |
Historia |
| 710 2# - Hasło dodatkowe - nazwa ciała zbior. |
| nazwa ciała zbior. lub nazwa geogr. |
Instytut Pamięci Narodowej - Komisja Ścigania Zbrodni przeciwko Narodowi Polskiemu. |
| nazwa jednostki podrzędnej |
Oddział (Rzeszów). |
| rodzaj współpracy |
Wydawca |
| kod rodzaju współpracy |
pbl |
| 9 (RLIN) |
18362 |
| 830 #0 - Hasło dod. serii i op. ks. wielotom. -tyt |
| tytuł |
Seria Wydawnicza IPN Oddział w Rzeszowie |
| 9 (RLIN) |
19643 |
| 920 ## - ISBN |
| ISBN |
978-83-8098-813-2 (oprawa twarda) : zł 35,00 |
| 942 ## - ADDED ENTRY ELEMENTS (KOHA) |
| Source of classification or shelving scheme |
Dewey Decimal Classification |
| Koha item type |
pozycje dostępne na miejscu |